000 00443nmc a2200181 a 4500
003 AR-BaBNM
005 20251128204453.0
008 047019s1991 ||||||||||||||000 | spa||
040 _cAR-BaBNM
100 1 _aFalbo, Graciela
245 1 0 _aPavadas
260 _aBuenos Aires
_bSudamericana
_c1991
300 0 _a14 p.
_bil.
490 0 _aLibros del bolsillo
_vv. 18
700 1 _aTaubin, Alejandra
_eilustrador
942 _cBK
998 _claura
999 _c7549
_d7549